000 00599nam a2200169 i 4500
001 66234
003 ES-MaACL
005 20230906165557.0
007 t|
008 040129s1982 pe ||||1| spa d
100 1 _aGalarreta González, Julio.
_953328
245 1 0 _aSánchez Carrión
_b: pasión y rumbo de la libertad /
_cJulio Galarreta González.
260 _aLima :
_bUniversidad Nacional Federico Villarreal. Dirección Universitaria de Investigación,
_c[1982]
300 _a122 p., 1 lám. ;
_c20 cm.
500 _aPublicación, nº 11. Enero 1982.
852 _aES-MaACL
_jL-2893
_bR.103517
999 _c66234
_d66234